000 00394nab a2200145Ia 4500
003 ES-SlBCS
005 20210601130211.0
008 140529s1986 xxu||||| |||| 00| 0 fre d
041 _afre
100 1 _aMasson, Jean-Claude
_953081
245 0 0 _aL'intermède birman
_c Jean-Claude Masson
651 4 _aBirmania
_9152907
773 0 _tEsprit
_gnº. 119, 1986, págs. 57-70
_wRev1438
942 _cAR
999 _c542672
_d542672